000 00302nam a22001337a 4500
008 170404b xxu||||| |||| 00| 0 eng d
020 _a9780393975239
041 _aeng
080 _24TH
_a574
100 _a9
101 _aSHM
245 _aECONOMICS OF THE ENVIRONMENT
_cSTAVINS, R.N
942 _2udc
_cBK
999 _c9640
_d9640